[Event "President's Cup--Open"]
[Site "Seattle WA"]
[Date "2017.02.12"]
[Round "5"]
[White "Li  (WA), Albert"]
[Black "Patton  (WA), Lorenzo"]
[Result "0-1"]
[WhiteElo "1137"]
[BlackElo "1162"]
[PlyCount "50"]
[EventDate "2016.05.28"]
[SourceDate "2017.08.01"]
[SourceVersionDate "2017.08.01"]

1. e4 e5 2. Nf3 Nc6 3. Bc4 Bc5 4. O-O d6 5. Nc3 Bg4 6. d3 h6 7. h3 Bh5 8. Qe2
Nd4 9. Qd1 Nxf3+ 10. gxf3 Qh4 11. Kh2 Bxf2 12. Rxf2 Qxf2+ 13. Kh1 Bxf3+ 14.
Qxf3 Qxf3+ 15. Kh2 Nf6 16. Bd2 Qf2+ 17. Kh1 Qxd2 18. Bb3 Nh5 19. Rg1 Qf2 20.
Nd5 O-O-O 21. Ne7+ Kb8 22. Nf5 Qf3+ 23. Rg2 Nf4 24. Nh4 Qxh3+ 25. Rh2 Qf1# 0-1

[Event "President's Cup--Open"]
[Site "Seattle WA"]
[Date "2017.02.11"]
[Round "1"]
[White "Oliver  (WA), George"]
[Black "Bravo  (WA), Angelo"]
[Result "1-0"]
[WhiteElo "1615"]
[BlackElo "1655"]
[PlyCount "73"]
[EventDate "2016.05.28"]
[SourceDate "2017.08.01"]
[SourceVersionDate "2017.08.01"]

1. e4 c6 2. d4 d6 3. Bd3 g6 4. Nf3 Bg7 5. c3 a5 6. O-O a4 7. Bg5 Qb6 8. Qc2 f6
9. Be3 Bg4 10. Nbd2 Nd7 11. e5 Bxf3 12. Nxf3 dxe5 13. dxe5 c5 14. Bxg6+ hxg6
15. Qxg6+ Kf8 16. Qf5 e6 17. Qc2 Qc7 18. h3 Nxe5 19. Nxe5 Qxe5 20. Rad1 Bh6 21.
Rfe1 Bxe3 22. Rxe3 Qf5 23. Qe2 e5 24. Qb5 Qc2 25. Qxc5+ Ne7 26. Rd7 Re8 27. Qd6
Qb1+ 28. Kh2 Rh6 29. Rf3 Qg6 30. Qxe5 Ng8 31. Qc5+ Re7 32. Rd8+ Kg7 33. Rxg8+
Kxg8 34. Qxe7 f5 35. Rg3 Qxg3+ 36. fxg3 Rh7 37. Qe8+ 1-0

[Event "President's Cup--Reserve"]
[Site "Seattle WA"]
[Date "2017.02.11"]
[Round "1"]
[White "Chung  (WA), Thomas"]
[Black "Somisetty  (WA), Praneeth"]
[Result "1/2-1/2"]
[WhiteElo "1081"]
[BlackElo "1124"]
[PlyCount "66"]
[EventDate "2016.05.28"]
[SourceDate "2017.08.01"]
[SourceVersionDate "2017.08.01"]

1. d4 c5 2. e3 Nc6 3. Nf3 cxd4 4. exd4 e6 5. c4 g6 6. Nc3 d5 7. Bf4 a6 8. cxd5
exd5 9. Qe2+ Be6 10. g3 Bg7 11. Rd1 Nge7 12. Ne5 Nf5 13. Nxc6 bxc6 14. Be3 O-O
15. g4 Nxe3 16. fxe3 Qd7 17. h3 Rfe8 18. Bg2 Qc7 19. Qf3 Rab8 20. Rd2 Bd7 21.
Kd1 Be6 22. h4 Qc8 23. Bh3 c5 24. g5 cxd4 25. exd4 Qc4 26. Qf4 Bxh3 27. Rxh3
Be5 28. Qf2 Bd6 29. a3 Qb3+ 30. Kc1 Bc7 31. h5 Ba5 32. h6 Re6 33. Rf3 Rbe8
1/2-1/2

[Event "President's Cup--Open"]
[Site "Seattle, WA"]
[Date "2017.02.11"]
[Round "1"]
[White "Fagundes  (WA), Frank"]
[Black "Fletcher  (WA), Andrew"]
[Result "1-0"]
[WhiteElo "1726"]
[BlackElo "1502"]
[PlyCount "67"]
[EventDate "2017.08.01"]

1. Nf3 d6 2. d4 Nf6 3. c4 e6 4. Nc3 Be7 5. e4 O-O 6. Be2 c5 7. O-O cxd4 8. Nxd4
Nc6 9. Be3 a6 10. Qd2 Bd7 11. Rad1 Rc8 12. f4 e5 13. Nf5 Bxf5 14. exf5 Qa5 15.
g4 d5 16. cxd5 Rfd8 17. g5 Ne8 18. g6 hxg6 19. fxg6 fxg6 20. Qc2 Nd4 21. Qxg6
Rd6 22. Qg4 Qb6 23. Qxc8 Nxe2+ 24. Kf2 Nd4 25. Qxe8+ Kh7 26. Qxe7 Rg6 27. Qxe5
Qxb2+ 28. Rd2 Qxc3 29. Qxd4 Qc8 30. Qe4 Qh3 31. Ke1 Qh4+ 32. Rdf2 Qd8 33. Rg1
Qa5+ 34. Bd2 1-0

[Event "President's Cup--Open"]
[Site "Seattle, WA"]
[Date "2017.02.11"]
[Round "1"]
[White "Patton  (WA), Lorenzo"]
[Black "CHen  (WA), Minda"]
[Result "0-1"]
[WhiteElo "1162"]
[BlackElo "1689"]
[PlyCount "64"]
[EventDate "2017.08.01"]
[SourceDate "2017.08.01"]
[SourceVersionDate "2017.08.01"]

1. e4 c5 2. Nf3 e6 3. d3 a6 4. c4 Qc7 5. g3 d6 6. Bg2 Nc6 7. b3 Nf6 8. Nbd2 Nb4
9. Nf1 Qa5 10. Bd2 Qb6 11. Bxb4 Qxb4+ 12. Qd2 Qxd2+ 13. N1xd2 g6 14. O-O Bg7
15. Rad1 Nd7 16. Rfe1 O-O 17. Re2 Rb8 18. Nf1 Ne5 19. Ne3 b5 20. Rc2 Nc6 21.
cxb5 axb5 22. a3 b4 23. a4 Ba6 24. Nc4 Rfd8 25. Ne1 Nd4 26. Na5 Nxc2 27. Nxc2
Rdc8 28. d4 cxd4 29. Nxd4 Bxd4 30. Rxd4 Rc1+ 31. Bf1 Bxf1 32. Rxd6 Bh3+ 0-1

[Event "President's Cup--Open"]
[Site "Seattle, WA"]
[Date "2017.02.11"]
[Round "1"]
[White "Gijare  (WA), Abhijeet"]
[Black "Qian  (WA), Daniel"]
[Result "1-0"]
[WhiteElo "1762"]
[BlackElo "1546"]
[PlyCount "45"]
[EventDate "2017.08.01"]
[SourceDate "2017.08.01"]
[SourceVersionDate "2017.08.01"]

1. d4 d5 2. Nf3 Nf6 3. Bg5 e6 4. e3 Be7 5. Bd3 Nbd7 6. c3 c5 7. Nbd2 c4 8. Bc2
h6 9. Bf4 Nb6 10. Qe2 Bd7 11. O-O O-O 12. Ne5 Qe8 13. Nxd7 Qxd7 14. e4 Ne8 15.
e5 Qd8 16. Bg3 Bh4 17. Qg4 Bxg3 18. fxg3 Qg5 19. Qxg5 hxg5 20. Nf3 f6 21. exf6
gxf6 22. Rae1 Kf7 23. Nxg5+ 1-0

[Event "President's Cup--Reserve"]
[Site "Seattle, WA"]
[Date "2017.02.11"]
[Round "1"]
[White "Joshi  (WA), Saumitra"]
[Black "Ewig  (WA), Sarah"]
[Result "1-0"]
[WhiteElo "1370"]
[BlackElo "1030"]
[PlyCount "111"]
[EventDate "2017.08.01"]
[SourceDate "2017.08.01"]
[SourceVersionDate "2017.08.01"]

1. e4 c6 2. d4 d5 3. Nc3 Nf6 4. e5 Ng4 5. h3 Nh6 6. Bd2 g6 7. f4 Bg7 8. Nf3 O-O
9. g4 e6 10. Bg2 Nd7 11. Qe2 Nb6 12. O-O-O Nc4 13. b3 Nxd2 14. Rxd2 Qa5 15. Kb2
Re8 16. Ne1 Bf8 17. Nb1 b6 18. c4 Ba6 19. Rc2 Qb4 20. Qd2 Qe7 21. Nd3 b5 22.
Nc5 Bc8 23. Na3 Qc7 24. cxb5 cxb5 25. Nxb5 Qb6 26. Na3 Rb8 27. Rhc1 a5 28. Bf1
Re7 29. Na4 Qb4 30. Qxb4 axb4 31. Nb5 Ba6 32. Nd6 Bxf1 33. Rxf1 Rd7 34. Rfc1
Bxd6 35. exd6 Rxd6 36. Rc8+ Rd8 37. Nb6 Kg7 38. Rxb8 Rxb8 39. Nd7 Rd8 40. Ne5
f6 41. Nc6 Rc8 42. Nxb4 Rxc1 43. Kxc1 Kf7 44. Nc6 Ng8 45. Kc2 Ne7 46. Nxe7 Kxe7
47. Kc3 Kd6 48. Kb4 Kc6 49. a4 Kb6 50. h4 h6 51. g5 hxg5 52. hxg5 fxg5 53. fxg5
Ka6 54. Kc5 Ka5 55. b4+ Kxa4 56. b5 1-0

[Event "President's Cup--Reserve"]
[Site "Seattle, WA"]
[Date "2017.02.11"]
[Round "1"]
[White "Bushfield. (WA), Stuart "]
[Black "Peng  (WA), Brandon "]
[Result "0-1"]
[WhiteElo "970"]
[BlackElo "1557"]
[PlyCount "90"]
[EventDate "2017.08.01"]
[SourceDate "2017.08.05"]
[SourceVersionDate "2017.08.05"]

1. c4 c5 2. Nc3 Nc6 3. g3 g6 4. Bg2 Bg7 5. Nf3 e6 6. O-O Nge7 7. d3 O-O 8. Be3
b6 9. Qd2 Nf5 10. Rad1 d5 11. cxd5 exd5 12. Bf4 Bb7 13. e4 dxe4 14. dxe4 Nfd4
15. Nxd4 Nxd4 16. Ne2 Re8 17. Nxd4 Qxd4 18. Qxd4 Bxd4 19. b3 Bxe4 20. Bxe4 Rxe4
21. Rfe1 Rae8 22. Kf1 f5 23. f3 R4e6 24. Rxe6 Rxe6 25. Re1 Kf7 26. Rxe6 Kxe6
27. Ke2 Kd5 28. Kd3 b5 29. Bd2 c4+ 30. bxc4+ bxc4+ 31. Kc2 Bb6 32. a4 Kd4 33.
g4 fxg4 34. fxg4 a6 35. h4 h5 36. gxh5 gxh5 37. a5 Bc7 38. Kb2 Kd3 39. Bb4 Be5+
40. Kc1 c3 41. Ba3 c2 42. Bb4 Bf4+ 43. Kb2 c1=Q+ 44. Ka2 Kc2 45. Ba3 Qb1# 0-1

[Event "President's Cup--Reserve"]
[Site "Seattle, WA"]
[Date "2017.02.11"]
[Round "1"]
[White "Bai  (WA), Raymond"]
[Black "Morrison  (WA), Michael"]
[Result "1-0"]
[WhiteElo "1144"]
[BlackElo "1409"]
[PlyCount "91"]
[EventDate "2017.08.01"]
[SourceDate "2017.08.05"]
[SourceVersionDate "2017.08.05"]

1. e4 c5 2. Nf3 d6 3. d4 Nf6 4. Bd3 g6 5. O-O Bg7 6. Be3 cxd4 7. Bxd4 O-O 8.
Nc3 Nc6 9. Re1 Nxd4 10. Nxd4 Ng4 11. Be2 Ne5 12. Nf3 Bd7 13. Bb5 Bc6 14. Bd3
Qb6 15. Rb1 a5 16. Qe2 Qc5 17. Qe3 Qxe3 18. Rxe3 Nxd3 19. Rxd3 b5 20. Nd5 Bxd5
21. Rxd5 b4 22. e5 Rfd8 23. exd6 Rxd6 24. Rxd6 exd6 25. b3 Bc3 26. Rd1 Rd8 27.
Nd4 Re8 28. Kf1 Re5 29. Nf3 Re6 30. Nd4 Re5 31. Nf3 Rc5 32. Rxd6 Bb2 33. Rd2
Bc1 34. Re2 Kg7 35. Nd4 Kf6 36. Ke1 Re5 37. Rxe5 Kxe5 38. Nc6+ Ke4 39. Kd1 Bb2
40. Nxa5 Kd4 41. Nc6+ Kc3 42. Ne5 f6 43. Ng4 f5 44. Nf6 h5 45. Ng8 Ba3 46. Ne7
1-0

[Event "President's Cup--Reserve"]
[Site "Seattle, WA"]
[Date "2017.02.11"]
[Round "2"]
[White "Peng  (WA), Brandon"]
[Black "Bai (WA), Raymond"]
[Result "1-0"]
[WhiteElo "1557"]
[BlackElo "1144"]
[PlyCount "37"]
[EventDate "2017.08.01"]
[SourceDate "2017.08.05"]
[SourceVersionDate "2017.08.05"]

1. d4 Nf6 2. c4 d5 3. Nc3 g6 4. Nf3 e6 5. Bf4 Bb4 6. Rc1 O-O 7. e3 Nc6 8. Be2
dxc4 9. Bxc4 Na5 10. Bd3 Nd5 11. Bg3 Nxc3 12. bxc3 Bd6 13. Qa4 Bxg3 14. hxg3
Nc6 15. Qb5 a6 16. Qc5 Bd7 17. Ke2 f6 18. Rxh7 Kxh7 19. Qh5+ 1-0

[Event "President's Cup--Reserve"]
[Site "Seattle, WA"]
[Date "2017.02.11"]
[Round "2"]
[White "Morrison  (WA), Michael"]
[Black "Chung  (WA), Thomas"]
[Result "0-1"]
[WhiteElo "1409"]
[BlackElo "1081"]
[PlyCount "52"]
[EventDate "2017.08.01"]
[SourceDate "2017.08.05"]
[SourceVersionDate "2017.08.05"]

1. e4 c5 2. Nf3 d6 3. Bc4 Nc6 4. Nc3 Bg4 5. h3 Bh5 6. g4 Bg6 7. d4 cxd4 8. Nxd4
Nf6 9. f3 e6 10. Bg5 Qb6 11. Nb3 Be7 12. Qd2 a6 13. O-O-O h6 14. Be3 Qc7 15.
Qh2 b5 16. Bd3 Na5 17. Nc5 e5 18. Nxa6 Qc8 19. Bxb5+ Kf8 20. Nb4 Nc4 21. Qe2
Nxe3 22. Qxe3 d5 23. Nbxd5 Nxd5 24. Rxd5 Bg5 25. Qxg5 hxg5 26. Rhd1 Rxh3 0-1

[Event "President's Cup--Open"]
[Site "Seattle, WA"]
[Date "2017.02.11"]
[Round "2"]
[White "Shaji  (WA), Karthik"]
[Black "Shubin  (WA), Daniel"]
[Result "1/2-1/2"]
[WhiteElo "1858"]
[BlackElo "1819"]
[PlyCount "62"]
[EventDate "2017.08.05"]
[SourceDate "2017.08.25"]
[SourceVersionDate "2017.08.25"]

1. d4 d5 2. c4 e6 3. Nf3 Nf6 4. g3 Be7 5. Bg2 O-O 6. O-O Nbd7 7. Qd3 c5 8. cxd5
Nxd5 9. Nc3 Nb4 10. Qd1 Bf6 11. a3 cxd4 12. Nb5 Nc6 13. Nbxd4 Nxd4 14. Nxd4 Nb6
15. Nb5 Bd7 16. Nd6 Bc6 17. Nxb7 Bxb7 18. Bxb7 Rb8 19. Ba6 Qxd1 20. Rxd1 Na4
21. Rb1 Nc3 22. Bf4 Nxb1 23. Bxb8 Rxb8 24. Rxb1 Rxb2 25. Rxb2 Bxb2 26. a4 Kf8
27. e4 e5 28. Kf1 Ke7 29. Ke2 Kd6 30. Kd3 Kc5 31. Bb5 g5 1/2-1/2

[Event "President's Cup--Open"]
[Site "Seattle, WA"]
[Date "2017.02.11"]
[Round "2"]
[White "Chen  (WA), Minda"]
[Black "Yan  (WA), Jeffrey"]
[Result "0-1"]
[WhiteElo "1689"]
[BlackElo "1753"]
[PlyCount "74"]
[EventDate "2017.08.05"]
[SourceDate "2017.08.26"]
[SourceVersionDate "2017.08.26"]

1. d4 d5 2. c4 c6 3. Nc3 Nf6 4. cxd5 cxd5 5. Bf4 Nc6 6. e3 Bf5 7. Bd3 Bxd3 8.
Qxd3 e6 9. Nf3 Bd6 10. Bxd6 Qxd6 11. O-O O-O 12. Rac1 Rac8 13. Rfd1 Ne7 14. Na4
Ne4 15. Nd2 Qb4 16. Nxe4 dxe4 17. Qb3 Qxb3 18. axb3 b6 19. Rc4 Nf5 20. d5 b5
21. Rxc8 Rxc8 22. Nc3 b4 23. Nxe4 exd5 24. Ng3 Ne7 25. h3 a5 26. Rd2 Rc5 27.
Ne2 g6 28. f4 Nf5 29. Kf2 Nd6 30. Ng3 f5 31. Kf3 Kf7 32. Nf1 Ne4 33. Re2 Rc1
34. Ng3 Nc5 35. Rd2 Ke6 36. Ne2 Rf1+ 37. Kg3 Ne4+ 0-1

[Event "President's Cup--Reserve"]
[Site "Seattle, WA"]
[Date "2017.02.11"]
[Round "2"]
[White "Dunbar  (WA), Jason"]
[Black "Christy  (WA), John"]
[Result "0-1"]
[WhiteElo "919"]
[BlackElo "1464"]
[PlyCount "82"]
[EventDate "2017.08.05"]
[SourceDate "2017.08.26"]
[SourceVersionDate "2017.08.26"]

1. d4 Nf6 2. Nf3 d5 3. Bg5 c6 4. Bxf6 exf6 5. e3 Bd6 6. Bd3 O-O 7. O-O Bg4 8.
Nbd2 Nd7 9. c3 Re8 10. Qc2 Nf8 11. Rfe1 Qc7 12. h3 Bh5 13. e4 dxe4 14. Rxe4
Rxe4 15. Bxe4 Bg6 16. Re1 Qd7 17. Bxg6 Nxg6 18. Nc4 Bf4 19. Re4 Re8 20. Rxe8+
Qxe8 21. g3 Bc7 22. Ne3 Bxg3 23. Nf5 Bb8 24. h4 h5 25. Ng3 Qe6 26. Qe2 Bxg3 27.
Qxe6 Bxf2+ 28. Kxf2 fxe6 29. Ke3 Kf7 30. c4 b6 31. a3 e5 32. d5 cxd5 33. cxd5
Ke7 34. Ke4 Kd6 35. Nd2 b5 36. a4 a6 37. axb5 axb5 38. Nb1 Ne7 39. Nc3 f5+ 40.
Ke3 Nxd5+ 41. Nxd5 Kxd5 0-1

[Event "President's Cup--Open"]
[Site "Seattle, WA"]
[Date "2017.02.11"]
[Round "2"]
[White "Bashkansky  (WA), Naomi"]
[Black "Oliver  (WA), George"]
[Result "1-0"]
[WhiteElo "2005"]
[BlackElo "1615"]
[Annotator "Murlin"]
[PlyCount "93"]
[EventDate "2017.08.05"]
[SourceDate "2017.08.26"]
[SourceVersionDate "2017.08.26"]

1. d4 Nf6 2. c4 e6 3. Nc3 Bb4 4. e3 c5 5. a3 cxd4 6. axb4 dxc3 7. bxc3 O-O 8.
Bd3 e5 9. e4 b6 10. Bg5 d6 11. h3 h6 12. Bh4 Nbd7 13. g4 Qc7 14. Ne2 Bb7 15. f3
Rfe8 16. g5 hxg5 17. Bxg5 Nh7 18. Be3 Ndf6 19. Ng3 Bc8 20. Ra2 Be6 21. Rg2 Rad8
22. Qe2 Qb7 23. Kf2 b5 24. cxb5 d5 25. c4 dxe4 26. fxe4 Qd7 27. Bc2 Bxh3 28.
Rgg1 Bg4 29. Qe1 Be6 30. Qc3 Ng4+ 31. Ke2 Nxe3 $2 (31... Bxc4+ $19) 32. Kxe3 f6
33. Nh5 Ng5 34. Rd1 Qf7 35. Rxd8 Rxd8 36. Bd3 Rd4 37. c5 Bc4 38. Bc2 Bxb5 (
38... f5) 39. Ng3 g6 40. Ra1 a6 $2 (40... Qd7) 41. Bb3 Bc4 42. Bxc4 Rxc4 43.
Qb2 Qb7 $2 44. Qa2 Qxb4 45. Rc1 Qxc5+ 46. Ke2 Kg7 47. Qxc4 1-0

[Event "President's Cup--Reserve"]
[Site "Seattle, WA"]
[Date "2017.02.11"]
[Round "3"]
[White "Christy  (WA), John"]
[Black "Chung  (WA), Thomas"]
[Result "1-0"]
[WhiteElo "1464"]
[BlackElo "1081"]
[PlyCount "45"]
[EventDate "2017.08.05"]
[SourceDate "2017.08.26"]
[SourceVersionDate "2017.08.26"]

1. Nf3 Nf6 2. d4 d5 3. e3 e6 4. Bd3 Bd6 5. Nbd2 Nbd7 6. O-O O-O 7. c4 c5 8. Qc2
h6 9. Re1 b6 10. e4 dxe4 11. Nxe4 Nxe4 12. Bxe4 Rb8 13. b3 cxd4 14. Nxd4 Bc5
15. Bb2 Bxd4 16. Bxd4 e5 17. Bb2 Qe7 18. Rad1 a6 19. Bf5 f6 20. a3 b5 21. b4
bxc4 22. Qxc4+ Qf7 23. Be6 1-0

[Event "President's Cup--Open"]
[Site "Seattle, WA"]
[Date "2017.02.11"]
[Round "3"]
[White "Mukumbya  (WA), Benjamin"]
[Black "Reeves  (WA), Jasen"]
[Result "0-1"]
[WhiteElo "1469"]
[BlackElo "1537"]
[PlyCount "42"]
[EventDate "2017.08.05"]
[SourceDate "2017.08.26"]
[SourceVersionDate "2017.08.26"]

1. e4 e5 2. Nf3 Nc6 3. Bb5 a6 4. Ba4 Nf6 5. O-O b5 6. Bb3 Bc5 7. Nxe5 Nxe5 8.
d4 Bxd4 9. Qxd4 Nc6 10. Qd3 d6 11. Bg5 Ne5 12. Qe2 Ng6 13. e5 dxe5 14. Nc3 Bb7
15. Nxb5 O-O 16. Rad1 Qe7 17. Bxf6 Qxf6 18. Nxc7 Nf4 19. Qg4 h5 20. Qd7 Qg5 21.
g3 Ne2# 0-1

[Event "President's Cup--Open"]
[Site "Seattle, WA"]
[Date "2017.02.11"]
[Round "3"]
[White "Chen  (WA), Minda"]
[Black "Jiang  (WA), Brandon"]
[Result "1-0"]
[WhiteElo "1689"]
[BlackElo "1484"]
[PlyCount "59"]
[EventDate "2017.08.05"]
[SourceDate "2017.08.26"]
[SourceVersionDate "2017.08.26"]

1. d4 d5 2. c4 e6 3. Nc3 Nf6 4. Nf3 Be7 5. Bg5 Nbd7 6. e3 c6 7. Qc2 O-O 8. Bd3
h6 9. Bh4 b6 10. O-O Bb7 11. Rac1 Rc8 12. cxd5 exd5 13. Bf5 Ra8 14. Rfe1 c5 15.
a3 Re8 16. Bg3 a6 17. Ne5 Nxe5 18. dxe5 Nh5 19. e6 Rf8 20. exf7+ Kh8 21. Be6
Nxg3 22. hxg3 d4 23. exd4 cxd4 24. Qg6 Qd6 25. Ne4 Bxe4 26. Rxe4 Rac8 27. Rxc8
Rxc8 28. Bf5 Qxg6 29. Bxg6 Rc7 30. Rxe7 1-0

[Event "President's Cup--Open"]
[Site "Seattle, WA"]
[Date "2017.02.11"]
[Round "3"]
[White "Oliver  (WA), George"]
[Black "Szeto  (WA), Sophie"]
[Result "0-1"]
[WhiteElo "1615"]
[BlackElo "1255"]
[PlyCount "82"]
[EventDate "2017.08.05"]
[SourceDate "2017.08.26"]
[SourceVersionDate "2017.08.26"]

1. d4 d5 2. c4 e6 3. Nc3 Nf6 4. Qc2 Be7 5. e3 Nbd7 6. Bd3 b6 7. Nge2 Bb7 8. O-O
O-O 9. cxd5 exd5 10. Ng3 c5 11. Qe2 Re8 12. dxc5 bxc5 13. Rd1 Rc8 14. Bb5 a6
15. Bxd7 Qxd7 16. Nxd5 Nxd5 17. Qc4 Qc6 18. e4 Nf6 19. f3 Red8 20. Be3 Rd7 21.
Ne2 Rcd8 22. Qc2 a5 23. Nc3 Ba6 24. Rxd7 Rxd7 25. Rd1 h6 26. Rxd7 Qxd7 27. Qf2
c4 28. a3 Ne8 29. Bb6 a4 30. Bc5 Bf6 31. Nd5 Bb5 32. Bb4 Be5 33. f4 Bb8 34. Qf3
Nc7 35. Ne7+ Kh8 36. h3 Qd4+ 37. Kh2 Ne6 38. Bc3 Qd7 39. Nf5 Bxf4+ 40. g3 Bd2
41. Nxh6 Bxh6 0-1

[Event "President's Cup--Open"]
[Site "Seattle, WA"]
[Date "2017.02.11"]
[Round "3"]
[White "Fagundes  (WA), Frank"]
[Black "Yu  (WA), Jason"]
[Result "0-1"]
[WhiteElo "1726"]
[BlackElo "1951"]
[PlyCount "98"]
[EventDate "2017.08.05"]
[SourceDate "2017.08.26"]
[SourceVersionDate "2017.08.26"]

1. Nf3 d5 2. c4 e6 3. d4 Nf6 4. Nc3 Be7 5. Bg5 O-O 6. e3 Nbd7 7. Rc1 h6 8. Bh4
c6 9. Bd3 dxc4 10. Bxc4 b5 11. Bd3 a6 12. O-O c5 13. Bxf6 Nxf6 14. dxc5 Bxc5
15. Ne4 Be7 16. Qe2 Bb7 17. Nxf6+ Bxf6 18. Rfd1 Qb6 19. Bb1 Rfd8 20. b4 Rac8
21. Rxc8 Rxc8 22. Qd3 Qc6 23. e4 g6 24. e5 Bxe5 25. Qe3 Bg7 26. Ne1 Qc3 27. Qb6
Qc7 28. Qe3 Rd8 29. Rc1 Qd6 30. Nd3 Qd5 31. Ne1 Qd2 32. Nd3 Qxe3 33. fxe3 Bf8
34. Rc7 Be4 35. Rc3 Bxb4 36. Nxb4 Rd1+ 37. Kf2 Rxb1 38. Nxa6 Rb2+ 39. Ke1 Rxa2
40. Nc5 Bxg2 41. Rb3 Bc6 42. h3 Kg7 43. Nd3 Bd5 44. Rb1 Be4 45. Rb3 Bxd3 46.
Rxd3 b4 47. Rb3 Ra3 48. Rxb4 Rxe3+ 49. Kf2 Rxh3 0-1

[Event "President's Cup--Open"]
[Site "Seattle, WA"]
[Date "2017.02.11"]
[Round "3"]
[White "Jiang  (WA), Andrew"]
[Black "Velea  (WA), Stephanie"]
[Result "1/2-1/2"]
[WhiteElo "1421"]
[BlackElo "1624"]
[Annotator "Murlin"]
[PlyCount "87"]
[EventDate "2017.08.05"]
[SourceDate "2017.08.28"]
[SourceVersionDate "2017.08.28"]

1. e4 c5 2. Nf3 d6 3. d4 cxd4 4. Nxd4 Nf6 5. Nc3 g6 6. Bc4 Bg7 7. Be3 O-O 8. f3
Nc6 9. Qd2 Bd7 10. O-O-O Rc8 11. Bb3 Nxd4 12. Bxd4 b5 13. Bxa7 Qa5 14. Be3 b4
15. Ne2 Ba4 16. Bxa4 Qxa4 17. Kb1 Ra8 18. Nc1 Rfc8 19. g4 Rc6 20. b3 Qa3 21.
Bd4 Rac8 22. Bb2 Qa5 23. Nd3 Rxc2 24. Qxc2 Rxc2 25. Kxc2 d5 26. e5 Nd7 27. Rd2
d4 28. Bxd4 Nxe5 29. Nxe5 Bxe5 30. Bxe5 Qxe5 31. Rhd1 Qc3+ 32. Kb1 Qxf3 33. Rd4
e5 34. R1d3 Qb7 35. Rd7 Qh1+ 36. Rd1 Qxh2 37. Rb7 Qf4 38. Rd8+ Kg7 39. Rdd7 h5
40. gxh5 gxh5 41. Rdc7 h4 42. Rc4 Qf1+ 43. Kb2 Qe2+ 44. Kb1 {Don't know if
more moves were played, but this should not be a draw, as Black seems clearly
winning after 44...h3. The written 44th move is Rbxb4, which is clearly
White's move, not Black's.} 1/2-1/2

[Event "President's Cup--Reserve"]
[Site "Seattle, WA"]
[Date "2017.02.11"]
[Round "3"]
[White "Behera  (WA), Subham"]
[Black "Morrison  (WA), Michael"]
[Result "0-1"]
[WhiteElo "100"]
[BlackElo "1409"]
[PlyCount "114"]
[EventDate "2017.08.05"]
[SourceDate "2017.08.28"]
[SourceVersionDate "2017.08.28"]

1. e4 c5 2. Nf3 d6 3. d3 Nf6 4. g3 Bg4 5. Nbd2 Nc6 6. Bg2 e6 7. O-O Be7 8. h3
Bh5 9. Nc4 O-O 10. c3 h6 11. Be3 b5 12. Ncd2 Ne5 13. d4 cxd4 14. cxd4 Nd3 15.
Qc2 Nb4 16. Qb3 d5 17. e5 Ne4 18. a3 Na6 19. Qxb5 Nc7 20. Qd3 Bg6 21. Nh4 Nc5
22. Qe2 Bd3 23. Qg4 Bxf1 24. Rxf1 Bg5 25. Bxg5 Qxg5 26. Qxg5 hxg5 27. Nhf3 Nd3
28. Nxg5 Nxb2 29. f4 Nb5 30. Rb1 Nxd4 31. Rxb2 Ne2+ 32. Kh2 Nd4 33. Ndf3 Nf5
34. g4 Ne3 35. Rb7 a5 36. a4 Rad8 37. Nd4 Rc8 38. Nb5 Rc2 39. Nd6 Nxg2 40. Rxf7
Nh4+ 41. Kg3 Ng6 42. Rxf8+ Nxf8 43. f5 exf5 44. gxf5 Nd7 45. e6 Nf6 46. Nde4
Nxe4+ 47. Nxe4 dxe4 48. Kf4 Rc4 49. Ke5 e3 50. Kd6 Kf8 51. Kd7 Rd4+ 52. Kc6 e2
53. Kb5 e1=Q 54. Kc5 Qb4+ 55. Kc6 Rd6+ 56. Kc7 Qb6+ 57. Kc8 Rd8# 0-1

[Event "President's Cup--Open"]
[Site "Seattle, WA"]
[Date "2017.02.12"]
[Round "4"]
[White "Daniels  (WA), Nolan"]
[Black "Jiang  (WA), Andrew"]
[Result "1-0"]
[WhiteElo "1591"]
[BlackElo "1421"]
[PlyCount "43"]
[EventDate "2017.08.28"]

1. e4 e5 2. Nf3 Nc6 3. Nc3 Nf6 4. Bb5 a6 5. Bxc6 bxc6 6. Nxe5 Qe7 7. d4 Bb7 8.
O-O c5 9. Nc4 g6 10. Na5 Bc6 11. d5 Bb5 12. Re1 d6 13. Nxb5 axb5 14. Nc6 Qd7
15. e5 dxe5 16. Rxe5+ Be7 17. Rxe7+ Qxe7 18. Nxe7 Kxe7 19. Bg5 Ra6 20. Qf3 Rb8
21. Bxf6+ Rxf6 22. Re1+ 1-0

[Event "President's Cup--Reserve"]
[Site "Seattle, WA"]
[Date "2017.02.12"]
[Round "4"]
[White "Christy  (WA), John"]
[Black "Subramanian  (WA), Nuthya"]
[Result "1-0"]
[WhiteElo "1464"]
[BlackElo "1034"]
[PlyCount "47"]
[EventDate "2017.08.28"]
[SourceDate "2017.08.28"]
[SourceVersionDate "2017.08.28"]

1. Nf3 d5 2. d4 Nc6 3. e3 Bd7 4. c4 e6 5. Nc3 Nf6 6. Bd2 a6 7. Qc2 Be7 8. a3
Na7 9. Bd3 h6 10. O-O O-O 11. Ne5 Nc6 12. f4 Nxe5 13. fxe5 Ne8 14. cxd5 exd5
15. Nxd5 Bc6 16. Nxe7+ Qxe7 17. Bb4 Qg5 18. Rae1 Nd6 19. exd6 cxd6 20. Bxd6
Rfd8 21. Bf4 Qd5 22. Bc4 Qd7 23. Bxh6 Rf8 24. Qg6 1-0

[Event "President's Cup--Open"]
[Site "Seattle, WA"]
[Date "2017.02.12"]
[Round "4"]
[White "Jiang  (WA), Brandon"]
[Black "Oliver  (WA), George"]
[Result "1-0"]
[WhiteElo "1481"]
[BlackElo "1615"]
[PlyCount "59"]
[EventDate "2017.08.28"]

1. e4 c6 2. d4 d5 3. exd5 cxd5 4. Bd3 Nc6 5. Nf3 Nf6 6. h3 e6 7. O-O Be7 8. Qe2
O-O 9. Bf4 a6 10. c3 b5 11. Ne5 Bd7 12. Bh2 Rc8 13. f4 Ne4 14. Bxe4 dxe4 15.
Qxe4 Na5 16. Re1 Bf6 17. Nd2 Bxe5 18. fxe5 Bc6 19. Qg4 Nc4 20. Nxc4 bxc4 21.
Bf4 Kh8 22. Re3 Ba4 23. Rg3 Rg8 24. Rf1 Bc2 25. Bg5 Qc7 26. Qh4 Bg6 27. Rf4 Rb8
28. Be7 Rxb2 29. Rxg6 fxg6 30. Qxh7+ 1-0

[Event "Presiden's Cup--Open"]
[Site "Seattle, WA"]
[Date "2017.02.12"]
[Round "4"]
[White "Beck  (WA), Alec"]
[Black "Fagundes  (WA), Frank"]
[Result "0-1"]
[WhiteElo "1616"]
[BlackElo "1726"]
[PlyCount "60"]
[EventDate "2017.08.28"]
[SourceDate "2017.08.28"]
[SourceVersionDate "2017.08.28"]

1. d4 Nf6 2. c4 e6 3. Nf3 b6 4. Nc3 Bb7 5. Bg5 Be7 6. e3 O-O 7. Be2 Ne4 8. Bxe7
Qxe7 9. Nxe4 Bxe4 10. O-O d6 11. Bd3 f5 12. Bxe4 fxe4 13. Nd2 d5 14. Rc1 Na6
15. a3 c5 16. Nb3 Rf5 17. dxc5 Nxc5 18. Nxc5 bxc5 19. cxd5 exd5 20. Qb3 Raf8
21. Qc3 c4 22. Qd2 Qh4 23. Qe2 Rh5 24. h3 Rf3 25. Rxc4 dxc4 26. Qxc4+ Rf7 27.
Rd1 Qxf2+ 28. Kh1 Rxh3+ 29. gxh3 Qf3+ 30. Kh2 Qxd1 0-1

[Event "Presiden's Cup--Reserve"]
[Site "Seattle, WA"]
[Date "2017.02.12"]
[Round "4"]
[White "Morrison  (WA), Michael"]
[Black "Bushfield  (WA), Stuart"]
[Result "1-0"]
[WhiteElo "1409"]
[BlackElo "970"]
[PlyCount "67"]
[EventDate "2017.08.28"]
[SourceDate "2017.08.28"]
[SourceVersionDate "2017.08.28"]

1. e4 d6 2. d4 Nf6 3. Nc3 g6 4. Bc4 Bg7 5. h3 O-O 6. Nf3 Nc6 7. a3 e5 8. dxe5
dxe5 9. O-O b6 10. Bg5 Bb7 11. Qe2 Qd6 12. Rad1 Qe7 13. Nd5 Qc5 14. Nxf6+ Bxf6
15. Bxf6 Na5 16. Nxe5 Nxc4 17. Nxc4 Ba6 18. Rd4 Rfe8 19. b4 Qc6 20. Bg5 f6 21.
Bh6 f5 22. Rfd1 Qe6 23. e5 c5 24. Rd5 Rac8 25. b5 Bxb5 26. a4 Ba6 27. Qd3 Qc6
28. Qc3 Bb7 29. Nd6 Rcd8 30. Nxe8 Rxd5 31. Nf6+ Kf7 32. Nxd5 Ke8 33. e6 a5 34.
Qh8# 1-0